000 00555cab a2200205 4500
001 WB2928-52
008 090401t1993 xxu||||| |||| 00| 0 eng d
035 _a(Sirsi) u1186
041 _aeng
245 _aNational Trust and organic farming
260 _c1993
350 _a0
490 _aFinancial Times
_v22 July 1993, 9(1)
520 _aThe National Trust is promoting organic farming amongst its 1,200 tenant farmers.
650 _aNATIONAL TRUST
650 _aORGANIC FARMING
690 _aRURAL PRACTICE
942 _n0
948 _c04/03/1997
999 _c647
_d647